000 00500nam a2200193 a 4500
001 2499
005 20140414131922.0
008 050602s19uu xx 00 eng d
020 _a0-394-80016-8
050 _aER
_bG82 1988
100 _aDr. Seuss
245 _aGreen eggs and ham /
_cby Dr. Seuss.
260 _aNew York :
_bBeginner Books,
_c1960.
300 _a62 p. : ill. ; cm.
440 _aBeginner Books
650 _aStories in rhyme.
650 _aChildren stories.
999 _c111828
_d111828